000 00273nam a2200109Ia 4500
008 230822s1999 xx 000 0 und d
041 _aeng
100 _aNULL
245 _aCONTEMPORARY ART FROM GERMANY.
260 _bGERMAN FESTIVAL IN INDIA 2000-01
_c1999
300 _a117
999 _c856914
_d856914